Một bài thơ - hai bức họa /

Đã lưu trong:
Sonraí Bibleagrafaíochta
Príomhúdar: Nguyễn Thị Hạnh Phương.
Formáid: Bài viết
Teanga:Vietnamese
Ábhair:
Clibeanna: Cuir Clib Leis
Gan Chlibeanna, Bí ar an gcéad duine leis an taifead seo a chlibeáil!
Thư viện lưu trữ: Thư viện Trường Đại học Đà Lạt
LEADER 00822nam a2200265 4500
001 DLU170182012
005 ##20171122
040 # # |a DLU  |b vie 
041 # # |a vie 
044 # # |a vn 
100 # # |a Nguyễn Thị Hạnh Phương. 
245 # # |a Một bài thơ - hai bức họa /  |c Nguyễn Thị Hạnh Phương. 
653 # # |a Khát vọng tình yêu 
653 # # |a Nữ sĩ Xuân Quỳnh 
653 # # |a Nhà viết kịch Lưu Quang Vũ 
653 # # |a Thơ tình 
773 # # |t Tạp chí Lý luận, phê bình văn học, nghệ thuật  |g Số 47, 2016, tr. 48-50 
920 # # |a Phòng Tạp chí --Trung tâm Thông tin - Thư viện Trường Đại học Đà Lạt 
900 # # |a True 
911 # # |a Lê Thị Hồng 
925 # # |a G 
926 # # |a A 
927 # # |a BB 
980 # # |a Thư viện Trường Đại học Đà Lạt